<?xml version="1.0" encoding="UTF-8"?>
<record
    xmlns:xsi="http://www.w3.org/2001/XMLSchema-instance"
    xsi:schemaLocation="http://www.loc.gov/MARC21/slim http://www.loc.gov/standards/marcxml/schema/MARC21slim.xsd"
    xmlns="http://www.loc.gov/MARC21/slim">

  <leader>01844nam a22002895i 4500</leader>
  <controlfield tag="001">12108997</controlfield>
  <controlfield tag="005">20220326193357.0</controlfield>
  <controlfield tag="008">160805s2015    sz            00  0 eng d</controlfield>
  <datafield tag="020" ind1=" " ind2=" ">
    <subfield code="a">9783033052697 (pbk.)</subfield>
  </datafield>
  <datafield tag="024" ind1="3" ind2=" ">
    <subfield code="a">9783033052697</subfield>
  </datafield>
  <datafield tag="035" ind1=" " ind2=" ">
    <subfield code="a">(GyWOH)har160137200</subfield>
  </datafield>
  <datafield tag="040" ind1=" " ind2=" ">
    <subfield code="a">GyWOH</subfield>
    <subfield code="b">eng</subfield>
    <subfield code="c">GyWOH</subfield>
  </datafield>
  <datafield tag="082" ind1=" " ind2=" ">
    <subfield code="a">709.729</subfield>
    <subfield code="b">D249u</subfield>
  </datafield>
  <datafield tag="100" ind1=" " ind2=" ">
    <subfield code="a">editors: Albertine Kopp, Andras Szanto ; contributors: Holly Bynoe [and 21 others].</subfield>
    <subfield code="9">5581</subfield>
  </datafield>
  <datafield tag="245" ind1="0" ind2="0">
    <subfield code="a">Under the sun</subfield>
    <subfield code="b">Caribbean voices in contemporary art /</subfield>
    <subfield code="c">editors: Albertine Kopp, Andras Szanto ; contributors: Holly Bynoe [and 21 others].</subfield>
  </datafield>
  <datafield tag="260" ind1=" " ind2=" ">
    <subfield code="a">[Basel] :</subfield>
    <subfield code="b">Davidoff Art Initiative,</subfield>
    <subfield code="c">[2015].</subfield>
  </datafield>
  <datafield tag="300" ind1=" " ind2=" ">
    <subfield code="a">119 pages :</subfield>
    <subfield code="b">many color illustrations ;</subfield>
    <subfield code="c">23 cm.</subfield>
  </datafield>
  <datafield tag="440" ind1=" " ind2="0">
    <subfield code="a">Davidoff Art Initiative book collection ;</subfield>
    <subfield code="v">1/2015</subfield>
    <subfield code="9">5582</subfield>
  </datafield>
  <datafield tag="505" ind1=" " ind2=" ">
    <subfield code="t">Introduction</subfield>
    <subfield code="r">Hans-Kristian Hoejsgaard</subfield>
    <subfield code="t">Connecting the Caribbean</subfield>
    <subfield code="r">Caryl Ivrisse Crochemar </subfield>
    <subfield code="t">International Studio &amp; Curatorial. Program, New York</subfield>
    <subfield code="r">Monica Ferreras De la Maza,  Polibio Diaz</subfield>
    <subfield code="t">K&#xFC;nstlerhaus Bethanien Berlin</subfield>
    <subfield code="r">Jorge pineda, Raquel Paiewonsky</subfield>
    <subfield code="t">Red GateResidency, Beijing</subfield>
    <subfield code="r">Pascal Maaccariello, Engel Leonardo.</subfield>
    <subfield code="t">II Perspectives on Caribbean. Fragments and Spirits of Caribbean Art</subfield>
    <subfield code="r">Noemi Smolik </subfield>
    <subfield code="t">Altos de Chav&#xF3;n: A personal Perspective on the places - Its Past, Its Present, and more</subfield>
    <subfield code="r">Stephen D.Kaplan</subfield>
    <subfield code="t">Davidoff Art Residency in Altos de Chav&#xF3;n </subfield>
    <subfield code="r">Mathilde Rossier, Cathleen Mooses, Soledad Salam&#xE9;, Alaid Farid, Nuria Montiel. </subfield>
    <subfield code="t">III About the Dadivoff Art  Iniciative: Residency, Dialogues, Grants, Editions.</subfield>
    <subfield code="t">Partners </subfield>
    <subfield code="t">Contributors</subfield>
    <subfield code="t">Acknowledgments</subfield>
  </datafield>
  <datafield tag="653" ind1=" " ind2=" ">
    <subfield code="a">Arte contempor&#xE1;neo </subfield>
  </datafield>
  <datafield tag="653" ind1=" " ind2=" ">
    <subfield code="a">Arte- Caribe </subfield>
  </datafield>
  <datafield tag="653" ind1=" " ind2=" ">
    <subfield code="a">Artistas Caribe&#xF1;os</subfield>
  </datafield>
  <datafield tag="700" ind1=" " ind2=" ">
    <subfield code="a">Albertine Kopp</subfield>
    <subfield code="9">5583</subfield>
  </datafield>
  <datafield tag="700" ind1=" " ind2=" ">
    <subfield code="a">Albertine Kopp, Andras Szanto</subfield>
    <subfield code="9">5584</subfield>
  </datafield>
  <datafield tag="910" ind1=" " ind2=" ">
    <subfield code="a">supplied through approval plan</subfield>
  </datafield>
  <datafield tag="980" ind1=" " ind2=" ">
    <subfield code="a">160803</subfield>
    <subfield code="e">59.11</subfield>
    <subfield code="f">0113925</subfield>
    <subfield code="g">1</subfield>
    <subfield code="o">1</subfield>
  </datafield>
  <datafield tag="999" ind1=" " ind2=" ">
    <subfield code="c">1071</subfield>
    <subfield code="d">1071</subfield>
  </datafield>
  <datafield tag="952" ind1=" " ind2=" ">
    <subfield code="0">0</subfield>
    <subfield code="1">0</subfield>
    <subfield code="2">ddc</subfield>
    <subfield code="4">0</subfield>
    <subfield code="7">0</subfield>
    <subfield code="a">LV</subfield>
    <subfield code="b">LV</subfield>
    <subfield code="c">Pensamiento</subfield>
    <subfield code="d">2016-10-12</subfield>
    <subfield code="l">0</subfield>
    <subfield code="o">709.729 D249u</subfield>
    <subfield code="p">004246</subfield>
    <subfield code="r">2016-10-12 00:00:00</subfield>
    <subfield code="w">2016-10-12</subfield>
    <subfield code="y">01</subfield>
  </datafield>
</record>
